| 000 | 00540cam a2200205ua 4500 | ||
|---|---|---|---|
| 001 | 6448 | ||
| 005 | 20260515114042.0 | ||
| 008 | 131210n ii |||gr||||Z||||||eng | ||
| 020 | _a81-224-1862-7 | ||
| 040 | _cMAIN | ||
| 082 | _a346.07 | ||
| 245 |
_aBusiness law including company law _cBy S.S. Gulshan |
||
| 260 |
_aNew delhi: _bNew age International (P) limited, _c2006. |
||
| 300 | _axiii,661p. | ||
| 653 | _aCommerce | ||
| 653 | _aBusiness law | ||
| 700 |
_aGulshan,S.S., _eAuthor., |
||
| 700 | 1 |
_aKapoor,G.K., _eAuthor. |
|
| 942 | _cBK | ||
| 999 |
_c5592 _d5592 |
||